00299nam a2200109 a 450000500170000000800410001705000180005824500500007626000330012665000080015965000220016720141022142001.0100916s19uu xx 00 eng d aDVDbH83 1997 aHow to do a business plan:btwo case studies. bStandford University,c1997. aDVD abusiness planning